000 00579nam a2200217Ia 4500
008 160803s9999 xx 000 0 und d
020 _a9780439662208
100 _aWhite, E.B
245 _aStuart Little /
245 _cE. B. White ; pictures by Garth Williams.
260 _aNew York :
260 _bScholastic Inc.
260 _c1973
300 _a131 pages :
300 _billustrations ;
300 _c20 cm.
500 _aOriginally published: New York : HarperCollins Publishers, Inc., c1945.
650 _aMice--
650 _xFiction.
700 _a920
999 _c298679
_d298679